00698nas a22001337a 45000010005000000030009000050050017000140080040000310400016000711000110000872450140001977000110003377730117004479699KOSZ 00520180406123332.0180416s2012 pl n f |000 0pol  cKOSZ 005/MD1 aCHOJNACKI, Jerzy.bPolitechnika Koszalińska - Wydział Mechaniczny,cKatedra Agroinżynieriid2006 - .10aWpływ filtra siatkowego zamontowanego w instalacji opryskiwacza na straty owadobójczych nicieni /cJerzy Chojnacki, Robert Bujaczek. aBUJACZEK, Robert.bPolitechnika Koszalińska - Wydział Mechaniczny,cKatedra Agroinżynieriid2012 - .0 iW :tJournal of Research and Applications in Agricultural Engineering. -g2012, T. 57, z. 3, s. 37-40x1642-686X